Statistics for Odd-toed Ungulate Species

Click here to take the quiz!

General Stats

  • This quiz has been taken 70 times
    (53 since last reset)
  • The average score is 13 of 16

Answer Stats

FamilyGenusSpeciesCommon name% Correct
EquidaeEquusFerusWild horse
97%
DicerosBicornisBlack rhinoceros
94%
RhinocerotidaeCeratotheriumSimumWhite rhinoceros
94%
DicerorhinusSumatrensisSumatran rhinoceros
92%
AfricanusAfrican wild ass
89%
QuaggaPlains zebra
89%
TapiridaeTapirusBairdiiBaird's tapir
83%
GrevyiGrévy's zebra
83%
RhinocerosUnicornisIndian rhinoceros
83%
SondaicusJavan rhinoceros
83%
IndicaMalayan tapir
78%
ZebraMountain zebra
69%
KiangKiang
67%
TerrestrisSouth American tapir
64%
PinchaqueMountain tapir
58%
HemionusOnager
50%

Score Distribution

Percentile by Number Answered

Percent of People with Each Score

Your Score History

You have not taken this quiz since the last reset